| 000 -LEADER |
| fixed length control field |
01188nam a2200289Ia 4500 |
| 001 - CONTROL NUMBER |
| control field |
20727 |
| 003 - CONTROL NUMBER IDENTIFIER |
| control field |
GE_BSU |
| 005 - DATE AND TIME OF LATEST TRANSACTION |
| control field |
20210316192015.0 |
| 008 - FIXED-LENGTH DATA ELEMENTS--GENERAL INFORMATION |
| fixed length control field |
181216s||||||||xx |||||||||||||| ||und|| |
| 020 ## - INTERNATIONAL STANDARD BOOK NUMBER |
| International Standard Book Number |
9780230252615 |
| 040 ## - CATALOGING SOURCE |
| Transcribing agency |
GE_BSU |
| 041 ## - LANGUAGE CODE |
| Language code of text/sound track or separate title |
eng |
| 080 ## - UNIVERSAL DECIMAL CLASSIFICATION NUMBER |
| Universal Decimal Classification number |
327.2 T-29 |
| 100 ## - MAIN ENTRY--PERSONAL NAME |
| Personal name |
Tekin, Ali. |
| 9 (RLIN) |
10489 |
| 245 ## - TITLE STATEMENT |
| Title |
Geo-Politics of the Euro-Asia Energy Nexus : |
| Remainder of title |
The European Union, Russia and Turkey / |
| Statement of responsibility, etc. |
Ali Tekin, Paul Andrew Williams. |
| 264 ## - PRODUCTION, PUBLICATION, DISTRIBUTION, MANUFACTURE, AND COPYRIGHT NOTICE |
| Place of production, publication, distribution, manufacture |
New York : |
| Name of producer, publisher, distributor, manufacturer |
Palgrave Macmillan, |
| Date of production, publication, distribution, manufacture, or copyright notice |
2011. |
| 300 ## - PHYSICAL DESCRIPTION |
| Extent |
230 p. ; |
| Dimensions |
22 cm. |
| 653 ## - INDEX TERM--UNCONTROLLED |
| keyword |
Geo-Politics of the Euro-Asia Energy Nexus |
| 653 ## - INDEX TERM--UNCONTROLLED |
| keyword |
The European Union, Russia and Turkey |
| 653 ## - INDEX TERM--UNCONTROLLED |
| keyword |
Геополитика Евроазиатского энергетического взаимодействия |
| 653 ## - INDEX TERM--UNCONTROLLED |
| keyword |
Европейский Союз, Россия и Турция |
| 653 ## - INDEX TERM--UNCONTROLLED |
| keyword |
ევრო-აზიის ენერგეტიკული Nexus- ის გეოპოლიტიკა |
| 653 ## - INDEX TERM--UNCONTROLLED |
| keyword |
ევროკავშირი, რუსეთი და თურქეთი |
| 700 ## - ADDED ENTRY--PERSONAL NAME |
| Personal name |
Williams, Paul Andrew |
| Relator term |
By |
| 9 (RLIN) |
10490 |
| 942 ## - ADDED ENTRY ELEMENTS (KOHA) |
| Koha item type |
წიგნი |
| Source of classification or shelving scheme |
|